000 00706nam a2200193Ia 4500
003 GCL
008 140319s9999 xx 000 0 ara d
040 _aGCL /
_cGCL
082 0 4 _a200.3
_bخ م
100 1 _aعبدالله ابوعشى المالكى
245 1 0 _aمعجم المصطلحات الدينية عربى - انجليزى \ انجليزى - عربى /
_cعبدالله ابوعشى المالكى
700 1 _aعبداللطيف الشيخ ابراهيم
260 _aبيروت :
_bدار الفكر اللبنانى ،
_c1995
300 _a196 ص ؛
_c20 سم
490 _aيوميات الابراج
_v0
650 0 4 _aالاسلام
650 0 4 _aالمعاجم
942 _2ddc
_cBK
999 _c43904
_d43904